| Tag |
First Indicator |
Second Indicator |
Subfields |
| LEADER |
00000cam a2200000Mi 4500 |
| 001 |
in00003577949 |
| 006 |
m o d |
| 007 |
cr mnu---uuaaa |
| 008 |
121227s1991 ne o 000 0 eng |
| 005 |
20260422210945.6 |
| 020 |
|
|
|a 9789401136907 (electronic bk.)
|
| 020 |
|
|
|a 9401136904 (electronic bk.)
|
| 020 |
|
|
|z 9781851667000
|
| 020 |
|
|
|z 1851667008
|
| 035 |
|
|
|a (OCoLC)851380242
|
| 040 |
|
|
|a AU@
|b eng
|e pn
|c AU@
|d OCLCQ
|d GW5XE
|d OCLCQ
|d OCLCF
|d UtOrBLW
|
| 049 |
|
|
|a TXAM
|
| 050 |
|
4 |
|a TJ1-1570
|
| 072 |
|
7 |
|a TGB
|2 bicssc
|
| 072 |
|
7 |
|a TEC009070
|2 bisacsh
|
| 082 |
0 |
4 |
|a 621
|2 23
|
| 100 |
1 |
|
|a Partridge, P. W.
|
| 245 |
1 |
4 |
|a The Dual Reciprocity Boundary Element Method /
|c by P.W. Partridge, C.A. Brebbia, L.C. Wrobel.
|
| 264 |
|
1 |
|a Dordrecht :
|b Springer Netherlands,
|c 1991.
|
| 300 |
|
|
|a 1 online resource (300 pages)
|
| 336 |
|
|
|a text
|b txt
|2 rdacontent
|
| 337 |
|
|
|a computer
|b c
|2 rdamedia
|
| 338 |
|
|
|a online resource
|b cr
|2 rdacarrier
|
| 490 |
1 |
|
|a International Series on Computational Engineering
|
| 500 |
|
|
|a Electronic resource.
|
| 650 |
|
0 |
|a Engineering.
|
| 650 |
|
0 |
|a Mechanical engineering.
|
| 650 |
|
7 |
|a Engineering.
|2 fast
|0 (OCoLC)fst00910312
|
| 650 |
|
7 |
|a Mechanical engineering.
|2 fast
|0 (OCoLC)fst01013375
|
| 655 |
|
7 |
|a Electronic books.
|2 local
|
| 700 |
1 |
|
|a Brebbia, C. A.
|
| 700 |
1 |
|
|a Wrobel, L. C.
|
| 710 |
2 |
|
|a SpringerLink (Online service)
|
| 776 |
1 |
8 |
|i Print version:
|z 9781851667000
|
| 830 |
|
0 |
|a Computational engineering.
|
| 856 |
4 |
0 |
|u http://proxy.library.tamu.edu/login?url=https://link.springer.com/10.1007/978-94-011-3690-7
|z Connect to the full text of this electronic book
|t 0
|
| 994 |
|
|
|a 92
|b TXA
|
| 999 |
|
|
|a MARS
|
| 999 |
f |
f |
|s aecb870d-1a71-30cc-8eb4-b2ed4d7cde2e
|i a8353690-bfd4-3cd2-b3bb-beac5cc9c153
|t 0
|
| 952 |
f |
f |
|a Texas A&M University
|b College Station
|c Electronic Resources
|s www_evans
|d Available Online
|t 0
|e TJ1-1570
|h Library of Congress classification
|
| 998 |
f |
f |
|a TJ1-1570
|t 0
|l Available Online
|